000 00591cam a22002173a 4500
001 45078
003 PGUSA
005 20140828084030.0
008 140308s2014||||xxu|||||s|||||000 | eng d
040 _aPGUSA
_beng
042 _adc
100 1 _aMethley, A. A.
245 1 0 _aHow the World Travels
_h[electronic resource] /
_cA. A. Methley
260 _bProject Gutenberg,
_c2014
506 _aPublic domain in the USA.
516 _aElectronic text
700 1 _aHolloway, W. H.
830 0 _aProject Gutenberg
_v45078
856 4 0 _uhttp://www.gutenberg.org/ebooks/45078
942 _cEB
999 _c274329
_d274329